ESSENTIALS OF STATISTICS FOR BUSINESS AND ECONOMICS 5E (Record no. 33027)

MARC details
000 -LEADER
fixed length control field 00437nam a22001697a 4500
003 - CONTROL NUMBER IDENTIFIER
control field OSt
005 - DATE AND TIME OF LATEST TRANSACTION
control field 20220317103000.0
008 - FIXED-LENGTH DATA ELEMENTS--GENERAL INFORMATION
fixed length control field 220317b |||||||| |||| 00| 0 eng d
020 ## - INTERNATIONAL STANDARD BOOK NUMBER
International Standard Book Number 978.324653212
040 ## - CATALOGING SOURCE
Transcribing agency H U
082 ## - DEWEY DECIMAL CLASSIFICATION NUMBER
Classification number 519.9
100 ## - MAIN ENTRY--PERSONAL NAME
Personal name ANDERSON DAVID R.
9 (RLIN) 19540
245 ## - TITLE STATEMENT
Title ESSENTIALS OF STATISTICS FOR BUSINESS AND ECONOMICS 5E
260 ## - PUBLICATION, DISTRIBUTION, ETC.
Place of publication, distribution, etc. AMERICA
Name of publisher, distributor, etc. SOUTH ,WESTERN
Date of publication, distribution, etc. 2009
300 ## - PHYSICAL DESCRIPTION
Extent 656
942 ## - ADDED ENTRY ELEMENTS (KOHA)
Source of classification or shelving scheme Dewey Decimal Classification
Koha item type Books like text book referance book
Suppress in OPAC No
Holdings
Withdrawn status Lost status Source of classification or shelving scheme Damaged status Not for loan Home library Current library Shelving location Date acquired Total Checkouts Full call number Barcode Date last seen Copy number Price effective from Koha item type
    Dewey Decimal Classification     College of Business and Economics Library College of Business and Economics Library General Stacks 03/17/2022   519.5/AND MBELIB00007525 03/17/2022 6 03/17/2022 Books like text book referance book
    Dewey Decimal Classification     College of Business and Economics Library College of Business and Economics Library General Stacks 03/17/2022   519.5/AND MBELIB00007526 03/17/2022 15 03/17/2022 Books like text book referance book